John Stanwix correspondence, (Record no. 40965)

MARC details
000 -LEADER
fixed length control field 01217cpmaa2200301 a 4500
001 - CONTROL NUMBER
control field mm 79001825
003 - CONTROL NUMBER IDENTIFIER
control field DLC
005 - DATE AND TIME OF LATEST TRANSACTION
control field 20260227111638.0
008 - FIXED-LENGTH DATA ELEMENTS--GENERAL INFORMATION
fixed length control field 800102|||||||||||| eng
010 ## - LIBRARY OF CONGRESS CONTROL NUMBER
LC control number mm 79001825
040 ## - CATALOGING SOURCE
Original cataloging agency DLC
Transcribing agency DLC
Modifying agency DLC
Description conventions dacs
Modifying agency DLC
072 #7 - SUBJECT CATEGORY CODE
Subject category code C
Source lcmd
100 1# - MAIN ENTRY--PERSONAL NAME
Personal name Stanwix, John,
Dates associated with a name 1690?-1766.
245 00 - TITLE STATEMENT
Title John Stanwix correspondence,
Inclusive dates 1760 April 10.
300 ## - PHYSICAL DESCRIPTION
Extent 1
Type of unit item.
506 0# - RESTRICTIONS ON ACCESS NOTE
Terms governing access Open to research.
520 8# - SUMMARY, ETC.
Summary, etc. ALS (Philadelphia, Pa.) concerning a military campaign in the French and Indian War addressed to Governor Horatio Sharpe of Maryland.
545 0# - BIOGRAPHICAL OR HISTORICAL DATA
Biographical or historical data British army officer serving in colonial America.
546 ## - LANGUAGE NOTE
Language note Collection material in English.
580 ## - LINKING ENTRY COMPLEXITY NOTE
Linking entry complexity note Forms part of: Miscellaneous Manuscripts collection.
600 10 - SUBJECT ADDED ENTRY--PERSONAL NAME
Personal name Sharpe, Horatio,
Dates associated with a name 1718-1790.
610 10 - SUBJECT ADDED ENTRY--CORPORATE NAME
Corporate name or jurisdiction name as entry element Great Britain.
Subordinate unit Army
General subdivision Colonial forces
Geographic subdivision America.
651 #0 - SUBJECT ADDED ENTRY--GEOGRAPHIC NAME
Geographic name United States
General subdivision History
Chronological subdivision French and Indian War, 1754-1763
General subdivision Campaigns.
651 #0 - SUBJECT ADDED ENTRY--GEOGRAPHIC NAME
Geographic name Anglo-French War, 1755-1763.
656 #7 - INDEX TERM--OCCUPATION
Occupation Army officers, British.
Source of term itoamc

No items available.

Powered by Koha